Catálogo
 En Linea

Tres discursos académicos de los señores Ing. Manuel Estrella, Dr. Frank Moya Pons y Dr. Andrés Dauhjre, hijo pronunciado en la ceremonia de puesta en circulación de o obra economía política y política económica desde las gradas del Dr. Andrés Dauhajre, hijo / (Registro nro. 57353)

Detalles MARC
000 -CABECERA
campo de control de longitud fija 01914nam a2200337 i 4500
003 - IDENTIFICADOR DEL NÚMERO DE CONTROL
campo de control DO-SdBNP
005 - FECHA Y HORA DE LA ÚLTIMA TRANSACCIÓN
campo de control 20260305073952.0
006 - CÓDIGOS DE INFORMACIÓN DE LONGITUD FIJA--CARACTERÍSTICAS DEL MATERIAL ADICIONAL
campo de control de longitud fija a||||gr|||| 00| 0
007 - CAMPO FIJO DE DESCRIPCIÓN FÍSICA--INFORMACIÓN GENERAL
campo de control de longitud fija ta
008 - DATOS DE LONGITUD FIJA--INFORMACIÓN GENERAL
campo de control de longitud fija 240725e2024 dr ac||| |||| 00| e spa d
020 ## - NÚMERO INTERNACIONAL ESTÁNDAR DEL LIBRO
Número Internacional Estándar del Libro 9789945904819
040 ## - FUENTE DE LA CATALOGACIÓN
Centro catalogador/agencia de origen DO-SdBNP
Lengua de catalogación spa
Centro/agencia transcriptor BNPHU
Normas de descripción rda
082 #4 - NÚMERO DE LA CLASIFICACIÓN DECIMAL DEWEY
Número de edición 22
Número de documento/Ítem D238t
100 1# - ENTRADA PRINCIPAL--NOMBRE DE PERSONA
Nombre de persona Estrella, Manuel
9 (RLIN) 75738
Término indicativo de función/relación autor
245 10 - MENCIÓN DE TÍTULO
Título Tres discursos académicos de los señores Ing. Manuel Estrella, Dr. Frank Moya Pons y Dr. Andrés Dauhjre, hijo pronunciado en la ceremonia de puesta en circulación de o obra economía política y política económica desde las gradas del Dr. Andrés Dauhajre, hijo /
Mención de responsabilidad, etc. Manuel Estrella, Frank Moya Pons, Andrés Dauhjre.
264 #1 - PRODUCCIÓN, PUBLICACIÓN, DISTRIBUCIÓN, FABRICACIÓN Y COPYRIGHT
Producción, publicación, distribución, fabricación y copyright Santo Domingo :
Nombre del de productor, editor, distribuidor, fabricante Ediciones del Caribe,
Fecha de producción, publicación, distribución, fabricación o copyright 2024
300 ## - DESCRIPCIÓN FÍSICA
Extensión 56 páginas :
Otras características físicas ilustraciones, retratos ;
Dimensiones 23 cm.
336 ## - TIPO DE CONTENIDO
Fuente rdacontent
Término de tipo de contenido texto
Código de tipo de contenido txt
337 ## - TIPO DE MEDIO
Fuente rdamedia
Nombre/término del tipo de medio sin mediación
Código del tipo de medio n
338 ## - TIPO DE SOPORTE
Fuente rdacarrier
Nombre/término del tipo de soporte volumen
Código del tipo de soporte nc
505 ## - NOTA DE CONTENIDO CON FORMATO
Nota de contenido con formato Presentación
Título Discurso de presetación del Dr. Andrés Dauhjre, hijo /
Mención de responsabilidad Ing. Manuel Estrella.--
Título Discurso de presetación del libro "Política económica y economía política desde las gradas" /
Mención de responsabilidad Dr. Frank Moya Pons.--
Título Discurso del Dr. Andrés Dauhajre, hijo.--
-- Fotografías del acto de puesta en circulación.
590 ## - NOTA LOCAL (RLIN)
Nota local Inventariado 2024 / MF
600 #4 - PUNTO DE ACCESO ADICIONAL DE MATERIA--NOMBRE DE PERSONA
Nombre de persona Estrella, Manuel,
9 (RLIN) 75738
Título de la obra Tres discursos académicos.
Subdivisión general Discursos, ensayos, conferencias, etc
600 10 - PUNTO DE ACCESO ADICIONAL DE MATERIA--NOMBRE DE PERSONA
Nombre de persona Moya Pons, Frank,
Fechas asociadas al nombre 1944-
Subdivisión general Discursos, ensayos, conferencias, etc.
9 (RLIN) 2095
600 10 - PUNTO DE ACCESO ADICIONAL DE MATERIA--NOMBRE DE PERSONA
Nombre de persona Moya Pons, Frank,
Fechas asociadas al nombre 1944-
Subdivisión general Discursos, ensayos, conferencias, etc.
9 (RLIN) 2095
650 #4 - PUNTO DE ACCESO ADICIONAL DE MATERIA--TÉRMINO DE MATERIA
Término de materia o nombre geográfico como elemento de entrada Discursos
Subdivisión geográfica República Dominicana
9 (RLIN) 30526
700 1# - PUNTO DE ACCESO ADICIONAL--NOMBRE DE PERSONA
Nombre de persona Estrella, Manuel
Término indicativo de función/relación autor
9 (RLIN) 75738
Título de la obra Tres discursos académicos.
700 1# - PUNTO DE ACCESO ADICIONAL--NOMBRE DE PERSONA
Nombre de persona Moya Pons, Frank,
Fechas asociadas al nombre 1944-
Término indicativo de función/relación autor
Título de la obra Tres discursos académicos.
9 (RLIN) 2095
700 1# - PUNTO DE ACCESO ADICIONAL--NOMBRE DE PERSONA
Nombre de persona Dauhajre, Andrés
Término indicativo de función/relación autor
Forma completa/desarrollada del nombre (hjo)
Título de la obra Tres discursos académicos.
9 (RLIN) 86162
942 ## - ELEMENTOS DE PUNTO DE ACCESO ADICIONAL (KOHA)
Fuente del sistema de clasificación o colocación Dewey Decimal Classification
Tipo de ítem Koha Libro
Existencias
Estado de retiro Estado de pérdida Fuente del sistema de clasificación o colocación Restricciones de uso No para préstamo Código de colección Localización permanente Ubicación/localización actual Ubicación en estantería Fecha de adquisición Fuente de adquisición Total de préstamos Signatura topográfica completa Código de barras Fecha visto por última vez Precio válido a partir de Tipo de ítem Koha Número de copia
    Dewey Decimal Classification Excluido de préstamo   Patrimonio Dominicano Biblioteca Nacional Pedro Henríquez Ureña Biblioteca Nacional Pedro Henríquez Ureña En catalogación 25.06.2024 Depósito Legal / Andrés Dauhajre, hijo   D238t 2024-4598 25.07.2024 25.07.2024 Libro  
    Dewey Decimal Classification Excluido de préstamo   Patrimonio Dominicano Biblioteca Nacional Pedro Henríquez Ureña Biblioteca Nacional Pedro Henríquez Ureña En catalogación 25.06.2024 Depósito Legal / Andrés Dauhajre, hijo   D238t 2024-4599 25.07.2024 25.07.2024 Libro e.2
    Dewey Decimal Classification Préstamo en sala   Dominicana de Servicio Biblioteca Nacional Pedro Henríquez Ureña Biblioteca Nacional Pedro Henríquez Ureña En catalogación 25.06.2024 Depósito Legal / Andrés Dauhajre, hijo   D238t 2024-4600 25.07.2024 25.07.2024 Libro e.3

Con tecnología Koha